Harnessing AutoCAD 2013 / (Record no. 19167)
[ view plain ]
| 000 -LEADER | |
|---|---|
| fixed length control field | 00805cam a22002411a 4500 |
| 001 - CONTROL NUMBER | |
| control field | 17345259 |
| 005 - DATE AND TIME OF LATEST TRANSACTION | |
| control field | 20201128021226.0 |
| 008 - FIXED-LENGTH DATA ELEMENTS--GENERAL INFORMATION | |
| fixed length control field | 120613t2013 nyua f b 001 0 eng |
| 020 ## - INTERNATIONAL STANDARD BOOK NUMBER | |
| International Standard Book Number | 9781133946595 |
| 020 ## - INTERNATIONAL STANDARD BOOK NUMBER | |
| International Standard Book Number | 1133946593 |
| 040 ## - CATALOGING SOURCE | |
| Original cataloging agency | DLC |
| Transcribing agency | DLC |
| Modifying agency | EG-ScBUE |
| 082 00 - DEWEY DECIMAL CLASSIFICATION NUMBER | |
| Classification number | 620.0042028553 |
| Item number | KRI |
| Edition number | 22 |
| 100 1# - MAIN ENTRY--PERSONAL NAME | |
| Personal name | Krishnan, G. V. |
| 9 (RLIN) | 37590 |
| 245 10 - TITLE STATEMENT | |
| Title | Harnessing AutoCAD 2013 / |
| Statement of responsibility, etc | G.V. Krishnan and Thomas A. Stellman. |
| 260 ## - PUBLICATION, DISTRIBUTION, ETC. (IMPRINT) | |
| Place of publication, distribution, etc | Clifton Park, United States : |
| Name of publisher, distributor, etc | Delmar, Cengage Learning, |
| Date of publication, distribution, etc | c.2013. |
| 300 ## - PHYSICAL DESCRIPTION | |
| Extent | [Various pagings] : |
| Other physical details | ill. ; |
| Dimensions | 28 cm. |
| 504 ## - BIBLIOGRAPHY, ETC. NOTE | |
| Bibliography, etc | Includes bibliographical references and Index. |
| 630 00 - SUBJECT ADDED ENTRY--UNIFORM TITLE | |
| 9 (RLIN) | 37593 |
| Uniform title | AutoCAD |
| 650 #0 - SUBJECT ADDED ENTRY--TOPICAL TERM | |
| 9 (RLIN) | 2127 |
| Topical term or geographic name as entry element | Engineering design |
| General subdivision | Data processing. |
| 653 ## - INDEX TERM--UNCONTROLLED | |
| Resource For college | Engineering, General |
| Arrived date list | April2015 |
| 655 ## - INDEX TERM--GENRE/FORM | |
| Form subdivision | |
| -- | 34232 |
| 942 ## - ADDED ENTRY ELEMENTS (KOHA) | |
| Source of classification or shelving scheme | Dewey Decimal Classification |
| Call number prefix | 620.0042028553 KRI |
| Withdrawn status | Item status | Source of classification or shelving scheme | Damaged status | Not for loan | Vendor | Home library | Current library | Shelving location | Date acquired | Source of acquisition | Cost, normal purchase price | Serial Enumeration / chronology | Total Checkouts | Full call number | Barcode | Date last seen | Cost, replacement price | Koha item type |
|---|---|---|---|---|---|---|---|---|---|---|---|---|---|---|---|---|---|---|
| Dewey Decimal Classification | Alahram | Central Library | Central Library | First floor | 07/04/2015 | 294.00 | 317 | 620.0042028553 KRI | 000037931 | 15/07/2025 | 367.50 | Book - Borrowing |